000 01561cam a22004574i 4500
003 PE-LiUPU
005 20250731173551.0
008 150616s r 000 0 d
020 _a156338034X
035 _a(Sirsi) i9781563380341
040 _aPE-LiUPU
_bspa
_cPE-LiUPU
_erda
049 _aPRUA
082 0 4 _a296.09014
_bJ42
_221
100 1 _aTalmon, Shemaryahued.,
_eautor.
245 1 0 _aJewish Civilization in the Hellenistic-Roman Period.
264 1 _aPhiladelphia :
_bTrinity Press International,
_c1991.
300 _a269 páginas ;
_c22 centímetros
336 _atext
_2rdacontent
337 _aunmediated
_2rdamedia
338 _avolume
_2rdacarrier
505 0 _aHistory, Society, Literature.- Qumram between judaism and christianity.- Index.
526 _aSEG42
526 _aSEG41
526 _aSEG40
526 _aSEG39
526 _aP94
526 _aP87
526 _aP86
526 _aP85
526 _aP77
526 _aP76
526 _aP35
650 0 4 _aJudaísmo
_xHistoria
_yPeríodo post-exílico, año 586 aC-210 dC.
910 _ajck
_bjvq
_cjck
942 _2ddc
_cBOOK
949 _a296.09014 J42
_wDEWEY
_c1
_i43093
_lCCODEBUL1
_mBUL
_r0
_sY
_tBOOK
_u2015-6-16
_xTEOLOGIA
_zUNKNOWN
_0COMPRA
_o.STAFF. Colección General
994 _aC0
_bPEPRU
596 _a1
999 _a296.09014 J42
_wDEWEY
_c61066
_i43093
_f2021-11-11
_g5
_lCCODEBUL1
_mBUL
_r0
_sY
_tBOOK
_u2015-6-16
_xTEOLOGIA
_zUNKNOWN
_0COMPRA
_o.STAFF. Colección General
_d61066
980 _81
_gALBERTO SANCHEZ Responsable de Automatización